A Financial Theory of the Business Cycle Net Present Value and Fractional Reserve Banking
Salvato in:
| Autore principale: | |
|---|---|
| Altri autori: | |
| Natura: | Libro |
| Lingua: | inglese |
| Pubblicazione: |
Abingdon
Routledge
2025
|
| Edizione: | 1st Edition |
| Soggetti: | |
| Tags: |
Nessun Tag, puoi essere il primo ad aggiungerne!!
|
MARC
| LEADER | 00000nam a2200000 4500 | ||
|---|---|---|---|
| 001 | 0312637 | ||
| 005 | 20251029141628.6 | ||
| 020 | |a 9781003529040 | ||
| 041 | 0 | |a eng | |
| 044 | |a GB | ||
| 245 | 1 | 0 | |a A Financial Theory of the Business Cycle |b Net Present Value and Fractional Reserve Banking |c Edward W. Fuller and Warren Young |
| 250 | |a 1st Edition | ||
| 264 | 1 | |a Abingdon |b Routledge |c 2025 | |
| 300 | |a 220 s. | ||
| 500 | |a Taylor and Francis e-books. | ||
| 610 | 2 | 0 | |a cykly hospodárske |
| 610 | 2 | 0 | |a cash flow |
| 610 | 2 | 0 | |a sadzby úrokové |
| 610 | 2 | 0 | |a bankovníctvo |
| 610 | 2 | 0 | |a dejiny myslenia ekonomického |
| 610 | 2 | 0 | |a dejiny teórií ekonomických |
| 100 | 1 | |a Fuller, Edward W. | |
| 700 | 1 | |a Young, Warren | |